<?xml version="1.0" encoding="UTF-8"?>
<record
    xmlns:xsi="http://www.w3.org/2001/XMLSchema-instance"
    xsi:schemaLocation="http://www.loc.gov/MARC21/slim http://www.loc.gov/standards/marcxml/schema/MARC21slim.xsd"
    xmlns="http://www.loc.gov/MARC21/slim">

  <leader>01982nam a22003377a 4500</leader>
  <controlfield tag="005">20090318104544.0</controlfield>
  <controlfield tag="008">090212t        xxu||||| |||| 00| 0 eng d</controlfield>
  <datafield tag="010" ind1=" " ind2=" ">
    <subfield code="a">TEL-5045</subfield>
  </datafield>
  <datafield tag="020" ind1=" " ind2=" ">
    <subfield code="c">125.00</subfield>
    <subfield code="a">8182940346</subfield>
  </datafield>
  <datafield tag="035" ind1=" " ind2=" ">
    <subfield code="a">TL-4051</subfield>
  </datafield>
  <datafield tag="037" ind1=" " ind2=" ">
    <subfield code="b">DBAD / PUB</subfield>
  </datafield>
  <datafield tag="040" ind1=" " ind2=" ">
    <subfield code="a">dpl</subfield>
    <subfield code="b">Telugu</subfield>
  </datafield>
  <datafield tag="082" ind1=" " ind2=" ">
    <subfield code="a">636.2142092</subfield>
  </datafield>
  <datafield tag="100" ind1=" " ind2=" ">
    <subfield code="a">&#xC15;&#xC41;&#xC30;&#xC3F;&#xC2F;&#xC28;&#xC4D;, &#xC35;&#xC30;&#xC4D;&#xC17;&#xC40;&#xC38;&#xC4D;</subfield>
  </datafield>
  <datafield tag="245" ind1=" " ind2=" ">
    <subfield code="a">&#xC28;&#xC3E;&#xC15;&#xC42; &#xC35;&#xC41;&#xC02;&#xC26;&#xC3F; &#xC12;&#xC15; &#xC15;&#xC32;</subfield>
    <subfield code="c">/ &#xC35;&#xC30;&#xC4D;&#xC17;&#xC40;&#xC38;&#xC4D; &#xC15;&#xC41;&#xC30;&#xC3F;&#xC2F;&#xC28;&#xC4D;; &#xC05;&#xC28;&#xC41;&#xC35;&#xC3E;&#xC26;&#xC02; &#xC24;&#xC41;&#xC2E;&#xC4D;&#xC2E;&#xC32; &#xC2A;&#xC26;&#xC4D;&#xC2E;&#xC3F;&#xC28;&#xC3F;, &#xC05;&#xC24;&#xC4D;&#xC24;&#xC32;&#xC42;&#xC30;&#xC3F; &#xC28;&#xC30;&#xC38;&#xC3F;&#xC02;&#xC39;&#xC3E;&#xC30;&#xC3E;&#xC35;&#xC41;</subfield>
    <subfield code="b">:&#xC2A;&#xC3E;&#xC32; &#xC35;&#xC3F;&#xC2A;&#xC4D;&#xC32;&#xC35; &#xC2A;&#xC3F;&#xC24;&#xC3E;&#xC2E;&#xC39;&#xC41;&#xC21;&#xC3F; &#xC35;&#xC4D;&#xC2F;&#xC15;&#xC4D;&#xC24;&#xC3F;&#xC24;&#xC4D;&#xC35; &#xC35;&#xC3F;&#xC15;&#xC3E;&#xC38;&#xC02;</subfield>
  </datafield>
  <datafield tag="246" ind1=" " ind2=" ">
    <subfield code="a">Naku undi oka kala</subfield>
    <subfield code="b">Verghese Kurien</subfield>
  </datafield>
  <datafield tag="260" ind1=" " ind2=" ">
    <subfield code="a">&#xC35;&#xC3F;&#xC1C;&#xC2F;&#xC35;&#xC3E;&#xC21;</subfield>
    <subfield code="b">&#xC05;&#xC32;&#xC15;&#xC28;&#xC02;&#xC26; &#xC2A;&#xC4D;&#xC30;&#xC1A;&#xC41;&#xC30;&#xC23;&#xC32;&#xC41;</subfield>
    <subfield code="c">2007</subfield>
  </datafield>
  <datafield tag="270" ind1=" " ind2=" ">
    <subfield code="a">59-6-15, &#xC15;&#xC02;&#xC1A;&#xC41;&#xC15;&#xC4B;&#xC1F; &#xC35;&#xC40;&#xC27;&#xC3F;, &#xC2E;&#xC47;&#xC30;&#xC3F;&#xC38;&#xC4D; &#xC38;&#xC4D;&#xC1F;&#xC46;&#xC32;&#xC4D;&#xC32;&#xC3E; &#xC15;&#xC3E;&#xC32;&#xC47;&#xC1C;&#xC3F; &#xC0E;&#xC26;&#xC41;&#xC30;&#xC41;&#xC17;&#xC3E;,</subfield>
    <subfield code="b">&#xC35;&#xC3F;&#xC1C;&#xC2F;&#xC35;&#xC3E;&#xC21;</subfield>
    <subfield code="e">520 008</subfield>
  </datafield>
  <datafield tag="300" ind1=" " ind2=" ">
    <subfield code="a">223&#xC2A;&#xC47;.</subfield>
    <subfield code="c">23 &#xC38;&#xC46;.&#xC2E;&#xC40;.</subfield>
  </datafield>
  <datafield tag="520" ind1=" " ind2=" ">
    <subfield code="a">Autobiographical reminiscences of Verghese Kurien, pioneer of the cooperative dairy movement in India</subfield>
  </datafield>
  <datafield tag="600" ind1=" " ind2=" ">
    <subfield code="a">&#xC15;&#xC41;&#xC30;&#xC3F;&#xC2F;&#xC28;&#xC4D;, &#xC35;&#xC30;&#xC4D;&#xC17;&#xC40;&#xC38;&#xC4D; 1921-</subfield>
  </datafield>
  <datafield tag="600" ind1=" " ind2=" ">
    <subfield code="a">Kurien, Verghese 1921-</subfield>
  </datafield>
  <datafield tag="650" ind1=" " ind2=" ">
    <subfield code="a">&#xC2A;&#xC3E;&#xC32; &#xC09;&#xC24;&#xC4D;&#xC2A;&#xC24;&#xC4D;&#xC24;&#xC3F;, &#xC38;&#xC39;&#xC15;&#xC3E;&#xC30;</subfield>
    <subfield code="z">&#xC2D;&#xC3E;&#xC30;&#xC24;&#xC26;&#xC47;&#xC36;&#xC02;</subfield>
  </datafield>
  <datafield tag="650" ind1=" " ind2=" ">
    <subfield code="a">Dairying, Cooperative</subfield>
    <subfield code="z">India</subfield>
  </datafield>
  <datafield tag="650" ind1=" " ind2=" ">
    <subfield code="2">&#xC2A;&#xC3E;&#xC32; &#xC09;&#xC24;&#xC4D;&#xC2A;&#xC24;&#xC4D;&#xC24;&#xC3F; &#xC26;&#xC3E;&#xC30;&#xC41;&#xC32;&#xC41;</subfield>
    <subfield code="v">&#xC1C;&#xC40;&#xC35;&#xC3F;&#xC24; &#xC1A;&#xC30;&#xC3F;&#xC24;&#xC4D;&#xC30;</subfield>
    <subfield code="z">&#xC2D;&#xC3E;&#xC30;&#xC24;&#xC26;&#xC47;&#xC36;&#xC02;</subfield>
  </datafield>
  <datafield tag="650" ind1=" " ind2=" ">
    <subfield code="2">Dairy farmers </subfield>
    <subfield code="v">Biography</subfield>
    <subfield code="z">India</subfield>
  </datafield>
  <datafield tag="700" ind1=" " ind2=" ">
    <subfield code="a">&#xC2A;&#xC26;&#xC4D;&#xC2E;&#xC3F;&#xC28;&#xC3F;, &#xC24;&#xC41;&#xC2E;&#xC4D;&#xC2E;&#xC32;</subfield>
  </datafield>
  <datafield tag="700" ind1=" " ind2=" ">
    <subfield code="a">&#xC28;&#xC30;&#xC38;&#xC3F;&#xC02;&#xC39;&#xC3E;&#xC30;&#xC3E;&#xC35;&#xC41;, &#xC05;&#xC24;&#xC4D;&#xC24;&#xC32;&#xC42;&#xC30;&#xC3F;</subfield>
  </datafield>
  <datafield tag="942" ind1=" " ind2=" ">
    <subfield code="2">ddc</subfield>
    <subfield code="c">TL</subfield>
    <subfield code="h">636.2142092</subfield>
    <subfield code="m">/ KUR</subfield>
  </datafield>
  <datafield tag="999" ind1=" " ind2=" ">
    <subfield code="c">25326</subfield>
    <subfield code="d">25326</subfield>
  </datafield>
  <datafield tag="952" ind1=" " ind2=" ">
    <subfield code="0">0</subfield>
    <subfield code="1">0</subfield>
    <subfield code="2">ddc</subfield>
    <subfield code="4">0</subfield>
    <subfield code="7">0</subfield>
    <subfield code="8">NFIC</subfield>
    <subfield code="a">DBAD</subfield>
    <subfield code="b">DBAD</subfield>
    <subfield code="d">2009-03-18</subfield>
    <subfield code="g">125.00</subfield>
    <subfield code="l">0</subfield>
    <subfield code="o">636.2142092 / KUR</subfield>
    <subfield code="p">TL-4051</subfield>
    <subfield code="r">2009-03-18 00:00:00</subfield>
    <subfield code="v">125.00</subfield>
    <subfield code="w">2009-03-18</subfield>
    <subfield code="y">TL</subfield>
  </datafield>
</record>
